| 000 | 00739cam a2200253 4500 | ||
|---|---|---|---|
| 001 | 2218606 | ||
| 003 | PILC | ||
| 005 | 20150603085924.0 | ||
| 008 | 710204s1970 ilua 000 0 eng | ||
| 010 | _a 75139971 | ||
| 020 | _a0819904228 | ||
| 040 |
_aDLC _cDLC _dDLC |
||
| 050 | 0 | 0 |
_aPS 3564.I46 _b.N713 1970 |
| 082 | 0 | 0 | _a811/.5/4 |
| 100 | 1 | _aNimeth, Albert J. | |
| 245 | 1 | 0 |
_aI like you just because; _bthoughts on friendship _cAlbert J. Nimeth. |
| 260 |
_aChicago : _bFranciscan Herald Press, _c1970. |
||
| 300 |
_a112 pages : _billustrations ; _c19 cm. |
||
| 350 | _a$3.50 | ||
| 500 | _aSequel: Of course I love you. | ||
| 650 | 0 | _aFriendship. | |
| 906 |
_a7 _bcbc _corignew _d2 _encip _f19 _gy-gencatlg |
||
| 942 |
_2lcc _cBK _kFOR |
||
| 999 |
_c284577 _d284577 |
||